00361nam a2200145Ia 4500008004100000020001500041041001200056082001100068100001600079245004700095260003200142300000800174650001500182700001800197221030s9999 xx 000 0 und d a9971512998 aEnglish a105.23 aM. J. Moran 0aFundamentals of Engineering Thermodynamics bJohn WileyaSingaporec2005 a918 aMechanical aH. N. Shapiro